Human Ancestors Quiz - Statistics

General Stats
  • This quiz has been taken 29 times
  • The average score is 8 of 28
Answer Stats
Genus Species % Correct
Homo Erectus
95%
Homo Neanderthalensis
89%
Homo Sapiens
84%
Homo Habilis
58%
Australopithecus Africanus
47%
Australopithecus Afarensis
42%
Homo Heidelbergensis
37%
Homo Naledi
37%
Homo Denisovans
32%
Sahelanthropus Tchadensis
32%
Homo Floresiensis
26%
Ardipithecus Ramidus
26%
Orrorin Tugenensis
26%
Paranthropus Boisei
21%
Australopithecus Sediba
21%
Australopithecus Anamensis
16%
Homo Antecessor
16%
Homo Ergaster
16%
Australopithecus Garhi
16%
Kenyanthropus Platyops
16%
Paranthropus Robustus
16%
Homo Rudolfensis
16%
Australopithecus Bahrelghazali
11%
Homo Bodoensis
11%
Homo Longi
11%
Homo Luzonensis
11%
Paranthropus Aethiopicus
5%
Ardipithecus Kadabba
5%
No matching quizzes found
Score Distribution
Percent of People with Each Score
Percentile by Number Answered
Your Score History
You have not taken this quiz